000 00685nam a2200265Ia 4500
005 20260121170522.0
008 008 260114s9999 xx 000 0 eng d
020 _a9783319740119
037 _aEBOOK
040 _aCRL
040 _beng
040 _cCRL
041 _2eng
041 _aeng
084 _qCRL
100 _aAfton Halloran, Roberto Flore, Paul Vantomme, Nanna Roos
_91064888
245 0 _aEdible Insects in Sustainable Food Systems
260 _bSpringer
260 _bSpringer
260 _c2018
856 _uhttps://link.springer.com/openurl?genre=book&isbn=978-3-319-74011-9
942 _cEBOOK
999 _c1630618
_d1630618